Ekonomické ukazatele nových asijských trhů

Štatistický prehľad základných ekonomických ukazovateľov (HDP, priemyselná výroba, spotrebiteľské ceny, krátkodobé úrokové miery, devízový kurz) nových áziských trhov.

Na minha lista:
Detalhes bibliográficos
Formato: Capítulo de Livro
Idioma:tcheco
Assuntos:
Tags: Adicionar Tag
Sem tags, seja o primeiro a adicionar uma tag!

MARC

LEADER 00000naa a2200000 4500
001 r036485
005 20230920100217.1
041 0 |a cze 
044 |a CZ 
245 1 0 |a Ekonomické ukazatele nových asijských trhů 
520 |a Štatistický prehľad základných ekonomických ukazovateľov (HDP, priemyselná výroba, spotrebiteľské ceny, krátkodobé úrokové miery, devízový kurz) nových áziských trhov. 
610 2 0 |a údaje štatistické medzinárodné 
610 2 0 |a ukazovatele makroekonomické 
610 2 0 |a produkt domáci hrubý 
610 2 0 |a ceny spotrebiteľské 
610 2 0 |a miera úroková 
610 2 0 |a kurz devízový 
610 2 0 |a výroba priemyselná 
610 2 0 |a trh 
610 2 0 |a Ázia